Studi sulla condizione nel diritto romano

Saved in:
Bibliografiske detaljer
Hovedforfatter: Masi, Antonio (autor)
Format: Bog
Sprog:italiensk
Udgivet: Milán Dott. A. Giuffrè 1966
Serier:Pubblicazioni dell'Istituto di diritto romano e dei diritti dell'Oriente Mediterraneo, 41
Fag:
Tags: Tilføj Tag
Ingen Tags, Vær først til at tagge denne postø!

MARC

LEADER 00000nam a2200000 a 4500
001 UCR1255
003 CL-VaPUC
008 971212e19660000IT |||||||||||||||||ita|d
082 0 4 |a 340.54  |b MAS  |2 21 
100 |a Masi, Antonio  |e autor  |9 400834 
245 1 0 |a Studi sulla condizione nel diritto romano 
300 |a 287 p 
942 |c BK 
945 |d 19971212 00:00:00  |a aolguin 
260 |a Milán  |b Dott. A. Giuffrè  |c 1966 
650 0 |a Derecho romano  |9 255930 
650 7 |a TEORIA DE LAS CONDICIONES  |2 CL-VaPUC  |9 398296 
650 7 |a ESTIPULACION  |2 CL-VaPUC  |9 397647 
650 7 |a IMPEDIMENTOS  |2 CL-VaPUC  |9 257261 
650 0 |a Derecho justiniano  |9 397596 
650 0 |a Negocio jurídico  |9 258242 
583 |a last modification  |c 19971212 00:00:00  |k Rodrigo Vera 
490 0 |a Pubblicazioni dell'Istituto di diritto romano e dei diritti dell'Oriente Mediterraneo, 41 
999 |c 264730  |d 264728 
952 |0 0  |1 0  |4 0  |6 340_540000000000000_MAS_1966  |7 0  |8 DER_ROM  |9 295137  |a BIBDER  |b BIBDER  |d 2019-11-19  |i 1919148  |o 340.54 MAS 1966  |p 1919148  |r 2023-01-25  |w 2019-11-19  |x Ubicación 4to piso  |y BK  |z Este recurso debe solicitarse con anticipación  |k DER